| 000 | 00443nam a2200169Ia 4500 | ||
|---|---|---|---|
| 008 | 230524s9999 xx 000 0 und d | ||
| 082 | _bKAP | ||
| 100 |
_aG.K.Kapoor _942700 |
||
| 245 | 0 | _aCompany Law : A Comprehensive Text Book on Companies Act 2013 | |
| 250 | _a19 | ||
| 260 |
_aNew Delhi _bTaxman _c2016 |
||
| 300 | _a654p; | ||
| 500 | _aQuantity Number: 1 | ||
| 650 | _aManagement | ||
| 700 |
_a Sanjay Dhamija _942701 |
||
| 942 | _cBK | ||
| 999 |
_c57688 _d57688 |
||